| 000 | 02321cam a2200469 i 4500 | ||
|---|---|---|---|
| 001 | 768714001 | ||
| 003 | CO-MdFUSB | ||
| 005 | 20240531062746.0 | ||
| 007 | ta | ||
| 007 | cr aa uaaaa | ||
| 008 | 111021s2011 tnu 000 0 spa d | ||
| 020 |
_a9781426740664 _qimpreso |
||
| 020 |
_a9781426757525 _qelectrónico |
||
| 040 |
_cCO-MdFUSB _aCO-MdFUSB _bspa _dCO-MdFUSBC _erda |
||
| 041 | _aspa | ||
| 082 |
_222 _a270 _bG643in |
||
| 100 | 1 |
_aGonzález, Justo L., _d1937- _eautor |
|
| 245 | 1 | 0 |
_aIntroducción a la historia de la Iglesia _c/ Justo L. González. _h[físico y electrónico] |
| 246 | 3 | 0 | _aIglesia. |
| 264 | 1 |
_aNashville, TN : _bAbingdon Press, _c[2011] |
|
| 264 | 4 | _c© 2011 | |
| 300 |
_a230 páginas. ; _c23 cm. |
||
| 336 |
_atexto _btxt _2rdacontent. |
||
| 337 |
_asin mediación _bn _2rdamedia |
||
| 337 |
_ainformático _bc _2rdamedia. |
||
| 338 |
_avolumen _bnc _2rdacarrier |
||
| 338 |
_aremoto _bcr _2rdacarrier |
||
| 500 | _aIntroduction to the history of the church. | ||
| 505 | _aLa iglesia antigua o "era de los mártires" -- La iglesia imprerial o "era de los gigantes" -- La baja Edad Media o "era de las tinieblas" -- La edad Media o "era de los altos ideales" -- La baja Edad Media o "era de los sueños frustrados" -- La Reforma o "era de los reformadores" -- La gran expansión ibérica o "era de los sueños frustrados" -- La Reforma o "era de los reformadores" -- La gran expansión ibérica o "era de los conquistadores" -- Ortodoxia, racionalismo y pietismo o "era de los dogmas y las dudas" -- Hacia un cristianismo sin cristiandad. -- Otras obras históricas por el mismo autor. | ||
| 506 | _aPréstamo en biblioteca del libro físico | ||
| 506 | _aSolicitar clave y usuario para acceder al libro electrónico. | ||
| 506 | _aLibro multiusuario. | ||
| 520 | _aUna introducción a la historia de la iglesia y la fe cristiana. | ||
| 563 | _aRústico | ||
| 650 | 0 |
_aHistoria de la Iglesia _9153 |
|
| 650 | 7 |
_aCristianismo _2 _922 |
|
| 856 |
_b856880 _uhttps://search.ebscohost.com/login.aspx?direct=true&db=nlebk&AN=856880&lang=es&site=ehost-live _zAbrir Versión electrónica del libro Introducción a la historia de la Iglesia |
||
| 942 | _cBK | ||
| 945 | _aJTF-925 | ||
| 999 |
_c64323 _d64323 |
||